Top 10 x 3 : Sexiest Men of All Time - Statistics

General Stats
  • This quiz has been taken 422 times
  • The average score is 6 of 30
Answer Stats
Rank Answer % Correct
8. Brad Pitt
83%
7. Leonardo DiCaprio
46%
2. Johnny Depp
43%
2. Johnny Depp
43%
8. James Dean
29%
10. Marlon Brando
28%
1. Marlon Brando
28%
3. Sean Connery
28%
4. Ryan Gosling
23%
4. Ryan Gosling
23%
1. Paul Newman
21%
1, Paul Newman
21%
6. Paul Newman
21%
9. Robert Redford
20%
5. Idris Elba
19%
7. Clint Eastwood
17%
10. Christian Bale
13%
3. Tom Hardy
12%
9. Steve McQueen
8%
6. Steve McQueen
8%
2. Steve McQueen
8%
4. Alain Delon
6%
10, Pharrell Williams
5%
3. Heath Ledger
3%
9. Dolph Lundgren
1%
8. Dylan Rieder
0%
7. Gabriel Macht
0%
5. Gabriel Macht
0%
5. Joe Dallesandro
0%
6. Joe Strummer
0%
No matching quizzes found
Score Distribution
Percent of People with Each Score
Percentile by Number Answered
Your Score History
You have not taken this quiz